000 00819nam a22002537a 4500
999 _c14817
_d14817
003 AR-CdUCM
008 190424b ||||| |||| 00| 0 spa d
020 _a978-1-4723-5148-7
040 _aMUNICIPALIDAD PROVINCIAL DEL CUSCO
_cBIBLIOTECA MUNICIPAL DEL CUSCO
082 _aPI / 376.1 /
_bP26
110 _aParragon
_933402
245 _aMonstruos :
_b¡ Garrabatos horribles y espantosamente terroríficos ! /
260 _aNueva York :
_bParragon,
_c2014.
300 _a192 paginas ;
_bilustraciones, graficos, dibujos
_c27 cm.
500 _aLiteratura infantil
650 _aLiteratura
_983
650 _aCuentos
_9217
650 _aHistoria
_9136
700 _aTorras, Mirian
_933727
700 _aLoborik, Jason
_933728
700 _aHarvey, Grace
_933729
942 _2ddc
_cLIBROS
945 _apjha
_d2019-04-24